000 00723nam a22002057a 4500
001 14487
003 BD-JhCC
005 20251211114226.0
008 251211b |||||||| |||| 00| 0 eng d
035 _a(BD-JhCC) 14487
040 _aBD-JhCC
_dBD-JhCC
041 _aবাংলা
082 _223
_a891.441
_bAZA 2000
100 _aআজম,শফিকুল
245 _aসত্য জেগে ওঠো /
_cশফিকুল আজম
260 _aঢাকাঃ
_bজাগৃতি প্রকাশনী,
_c২০০০
300 _a৪৮ পৃ.;
_c২২ সেমি.
_eপেপার বাইণ্ডিং
650 _aবাংলা সাহিত্য - কবিতা
942 _2ddc
_cBK
999 _c14487
_d14487